Χημική ωκεανογραφία : μια εισαγωγή στη χημεία του θαλάσσιου περιβάλλοντος
Saved in:
| Main Author: | |
|---|---|
| Format: | Book |
| Language: | Greek |
| Published: |
Αθήνα :
Συμμετρία,
2008.
|
| Edition: | 4η έκδ. |
| Subjects: | |
| Tags: |
Add Tag
No Tags, Be the first to tag this record!
|
MARC
| LEADER | 00000cam a2200000 i 4500 | ||
|---|---|---|---|
| 001 | 1/8246 | ||
| 008 | 100609s2008 gr ||| | gre d | ||
| 020 | |a 9789602662496 | ||
| 035 | |l 10108181 | ||
| 040 | |a GR-MY-UA |b gre |e aacr | ||
| 041 | 0 | |a gre | |
| 082 | 0 | |a 551.4601 |2 (22) | |
| 100 | 1 | |a Σκούλλος, Μιχαήλ Ι. | |
| 245 | 1 | 0 | |a Χημική ωκεανογραφία : |b μια εισαγωγή στη χημεία του θαλάσσιου περιβάλλοντος / |c Μιχαήλ Σκούλλος. |
| 250 | |a 4η έκδ. | ||
| 260 | |a Αθήνα : |b Συμμετρία, |c 2008. | ||
| 300 | |a 256 σ. : |b σχέδια, πίν. ; |c 24 εκ. | ||
| 504 | |a Βιβλιογραφία: σ. [255]-256. | ||
| 650 | 0 | 0 | |a Chemical oceanography. |
| 852 | |a INST |b LESVOS |e 20100609 |h 551.4601 ΣΚΟ |p 005100047508 |q 005100047508 |t BK |y 0 | ||
| 852 | |a INST |b LESVOS |e 20110531 |h 551.4601 ΣΚΟ |p 005100049002 |q 005100049002 |t BK |y 0 | ||
| 852 | |a INST |b LESVOS |c EUDOXUS |e 20140121 |h 551.4601 ΣΚΟ |p 005100052675 |q 005100052675 |t EDX |y 0 | ||
| 852 | |a INST |b LESVOS |c EUDOXUS |e 20160114 |h 551.4601 ΣΚΟ |p 005100057823 |q 005100057823 |t EDX |y 0 | ||
| 901 | |a BIBL1-2010-2 | ||
| 901 | |a BIBL1-2011-2 | ||
| 901 | |a BIBL1-2014-1 | ||
| 909 | |a Λ |b 164675 | ||
| 909 | |a Λ |b 167963 | ||
| 909 | |a Λ |b 186491 | ||
| 920 | |a ΕΥΔΟΞΟΣ |y ΛΕΣΒΟΣ |z 2011-05 | ||
| 920 | |a Εύδοξος |b Παραγγελία |y Λέσβος-ΤΕΘ |z 2016-01 | ||
| 970 | |a ΓΙΑΛΑΜΑ |b ΜΑΡΙΑ |z 2010/06/09 | ||